header

The definitive guide to the C&A transformation (Record no. 133832)

MARC details
000 -LEADER
fixed length control field 01474nam a2200349 a 4500
100 1# - MAIN ENTRY--AUTHOR NAME
Personal name Mehan, Julie E.
245 14 - TITLE STATEMENT
Title The definitive guide to the C&A transformation
260 ## - PUBLICATION, DISTRIBUTION, ETC. (IMPRINT)
Place of publication Ely, U.K. :
Name of publisher IT Governance Pub.,
Year of publication 2009.
300 ## - PHYSICAL DESCRIPTION
Number of Pages 601 p. :
Other physical details ill.
650 #0 - SUBJECT ADDED ENTRY--TOPICAL TERM
Topical Term Computer security.
Topical Term Computer networks
Topical Term Information technology
Topical Term Information technology
Topical Term Data protection.
700 1# - ADDED ENTRY--PERSONAL NAME
Personal name Krush, Waylon.
856 40 - ELECTRONIC LOCATION AND ACCESS
Uniform Resource Identifier http://site.ebrary.com/lib/rucke/Doc?id=10439457

No items available.

© 2026 Rongo University
Contact us: librarian | system librarian | Rongo university